000
00247nam a2200097Ia 4500
001
1195931
005
20250827021756.0
008
250824s9999 xx 000 0 und d
245
0
_a
RABBİN İÇİN SABRET
_c
UĞUR KOŞAR
260
_b
DESTEK YAYINLARI
999
_c
1195931
_d
1195931